Medzinárodné skúsenosti s fungovaním penzijných fondov

Dve základné koncepcie usporiadania dôchodkových fondov vo vyspelých krajinách. Koncepcia založená na dvoch pilieroch. Koncepcia založená na troch pilieroch. Švajčiarsky dôchodkový systém. Poľský model dôchodkového zabezpečenia. Systém dôchodkového zabezpečenia vo Veľkej Británii. Holandský penzijný...

Descrizione completa

Salvato in:
Dettagli Bibliografici
Autore principale: Rievajová, Eva
Natura: Capitolo di libro
Lingua:slovacco
Soggetti:
Tags: Aggiungi Tag
Nessun Tag, puoi essere il primo ad aggiungerne!!

MARC

LEADER 00000naa a2200000 4500
001 r048331
005 20231002091056.0
041 0 |a slo 
044 |a SK 
245 1 0 |a Medzinárodné skúsenosti s fungovaním penzijných fondov  |c Eva Rievajová 
520 |a Dve základné koncepcie usporiadania dôchodkových fondov vo vyspelých krajinách. Koncepcia založená na dvoch pilieroch. Koncepcia založená na troch pilieroch. Švajčiarsky dôchodkový systém. Poľský model dôchodkového zabezpečenia. Systém dôchodkového zabezpečenia vo Veľkej Británii. Holandský penzijný systém. 
610 2 0 |a poistenie dôchodkové 
610 2 0 |a fondy penzijné 
610 2 0 |a poistenie dôchodkové doplnkové 
610 2 0 |a poistenie dôchodkové individuálne 
610 2 0 |a zabezpečenie dôchodkové 
610 2 0 |a systémy dôchodkové 
610 2 0 |a krajiny rozvojové 
610 2 0 |a Švajčiarsko 
610 2 0 |a Poľsko 
610 2 0 |a Veľká Británia 
610 2 0 |a Holandsko 
100 1 |a Rievajová, Eva